Les Simpson de A à Z - Statistiques

Statistiques générales
  • Ce quiz a été pris 1 412 fois
  • Le résultat moyen est 10 sur 26
Statistiques - réponses
Lettres Indices Réponses % Correct
A Prénom du grand-père Simpson Abraham
95%
S Ville où vivent les Simpson Springfield
76%
F Autre série du même auteur et avec laquelle il y a eut un crossover Futurama
71%
D Mascotte de bière Duffman
70%
M Créateur des Simpson Matt Groening
65%
P Chien de la famille Simpson Petit Papa Noël
64%
O Conducteur du bus scolaire Otto
62%
V Celle d'Homer est une 1986 Plymouth Junkerolla Voiture
62%
W Pire policier de la ville Wiggum
52%
Q Maire de la ville Quimby
43%
Y Université fréquentée par Charles Montgomery Burns Yale
36%
I Dessin animé favori des enfants Itchy & Scratchy
34%
U Pays des folles d'après Homer Uruguay
33%
H Frère jumeau de Bart d'après l'un des Simpson Horror Show Hugo
32%
R Super-Héros préféré de Bart Radioactive Man
32%
E Nom de la rue où vivent les Simpson Evergreen Terrace
31%
C Arbre volé par les habitants de Shelbyville Citronnier
27%
J Prénom du fondateur de la ville Jebediah
26%
K Magasin de Apu Kwik-E-Mart
20%
T Dans cette confrérie, Lenny est supérieur à Burns Tailleurs de pierre
17%
Z Dans le futur, fille de Lisa et Milhouse Zia
10%
L Éléphant de Bart Lourdeau
9%
N Nom de famille de Apu Nahasapeemapetilon
8%
B Homer l'es devenu en envoyant volontairement des boules de bowling dans la rigole Baron de la bière
7%
G Il a prit la place de Gros Tony après sa mort Gym Tony
6%
X Animatrice brésilienne de l'émission Téléboobies Xoxchitla
0%
Aucun quiz correspondant
Distribution des résultats
% des personnes avec chaque résultat
Percentile par nombre de réponses
Votre historique - résultats
Vous n’avez pas pris ce quiz